000 00756nam a2200241 i 4500
001 C2-0118012
003 PPAK
005 20180727110937.0
008 970730s1994 nyua|||| ||||| | eng d
020 _a067175940X
040 _aPPAK
_beng
_cPPAK
_erda
082 0 4 _a791.450232092
_223
090 0 0 _a791.450232092
_bTIN
_dG
100 1 _aTinker, Grant,
_eauthor
245 1 0 _aTinker in television:
_bfrom General Sarnoff to General Electric
264 1 _aNew York :
_bSimon & Schuster ,
_c1994
300 _a270 pages :
_billustrations ;
_c24 cm
336 _2rdacontent
_atext
337 _2rdamedia
_aunmediated
338 _2rdacarrier
_avolume
650 1 0 _aTinker, Grant. ; Television broadcasting - United States - Biography.
942 _ddc
_cB
999 _c31918
_d31918